000 00366 a2200133 4500
003 Nust
005 20170207164714.0
040 _cNust
245 _aSolution manual for signal processing and linear systems (E BOOK)
_cB.P Lathi
260 _aNew York
_bOxford university press
_c2001.
300 _a205p
500 _aE BOOK
650 _asignal processing and linear systems
942 _2ddc
_cBK
999 _c209699
_d209699